El séptimo sabio : (Record no. 194805)

MARC details
000 -CABECERA
campo de control de longitud fija 00632nam a2200205 u 4500
005 - FECHA Y HORA DE LA ÚLTIMA TRANSACCIÓN
campo de control 20220923063505.0
008 - ELEMENTOS DE LONGITUD FIJA--INFORMACIÓN GENERAL
campo de control de longitud fija 180202s2017 r 000 0 eng d
020 ## - NÚMERO INTERNACIONAL NORMALIZADO PARA LIBROS
Número Internacional Estándar del Libro 9786078507696
035 ## - NÚMERO DE CONTROL DEL SISTEMA
Número de control de sistema UPN01000222708
049 ## - COLECCIÓN
Colección CG
050 #4 - SIGNATURA TOPOGRÁFICA DE LA BIBLIOTECA DEL CONGRESO
Número de clasificación F1234
Número de documento/Ítem A3.8
100 1# - ASIENTO PRINCIPAL--NOMBRE PERSONAL
Nombre de persona Adame, Ángel Gilberto
9 (RLIN) 41251
245 13 - MENCIÓN DE TÍTULO
Título El séptimo sabio :
Resto del título vida y derrota de Jesús Moreno Baca /
Mención de responsabilidad, etc. Angel Gilberto Adame.
260 ## - PUBLICACIÓN, DISTRIBUCIÓN, ETC.
Lugar de publicación, distribución, etc. México :
Nombre del editor, distribuidor, etc. Secretaría de Cultura :
-- INEHRM,
Fecha de publicación, distribución, etc. 2017.
300 ## - DESCRIPCIÓN FÍSICA
Extensión 202 p. :
Otras características físicas il.
600 14 - ASIENTO SECUNDARIO DE MATERIA - NOMBRE PERSONAL
Nombre de persona MORENO BACA, JESUS,
Fechas asociadas al nombre 1893-1926
9 (RLIN) 26420
650 #4 - ASIENTO SECUNDARIO DE MATERIA - TERMINO TEMATICO
Término de materia o nombre geográfico como elemento de entrada JUECES -
Subdivisión geográfica MEXICO
9 (RLIN) 26421
905 ## - TIPO DE MATERIAL
Tipo de material Libro
Holdings
Estado de retiro Estado de pérdida Fuente del sistema de clasificación o colocación Estado dañado No para préstamo Código de colección Localización permanente Ubicación/localización actual Ubicación en estantería Total de préstamos Clasificación Código de barras Fecha visto por última vez Número de copia Tipo de ítem Koha
    Library of Congress Classification     Colección General Bib. Gregorio Torres Quintero Bib. Gregorio Torres Quintero Planta baja 1 F1234 A3.8 322097 31/12/2020 1 Libro